Barcelona F.C Players 2015/2016 - Statistics

General Stats
  • This quiz has been taken 458 times
    446 since last reset
  • The average score is 16 of 28
Answer Stats
Hint Answer % Correct
Foward Messi
97%
Foward(The Biter!!) Suarez
95%
Foward Neymar
94%
Defender Pique
94%
Goalkepper Ter-Stegen
93%
Midfilder Iniesta
92%
Goalkeeper Bravo
83%
Midfielder Rakitic
81%
Midfielder Busquets
80%
Defedner Jordi Alba
77%
Defender Mascherano
74%
Defender Dani Alves
72%
Midfielder Roberto
62%
Defender Mathieu
54%
Midfielder Rafinha
49%
Foaward Munir
48%
Defender Bartra
46%
Midfielder Turan
44%
Foward Pedro
43%
Gaolkeeper Masip
41%
Midfielder Vidal
40%
Defender Adriano
38%
Defender Vermaelen
37%
Defender Douglas
25%
Midfielder Song
14%
Midfielder Halilovic
6%
Midfielder Afeally
1%
Defender Diagne
1%
No matching quizzes found
Score Distribution
Percent of People with Each Score
Percentile by Number Answered
Your Score History
You have not taken this quiz since the last reset